| 000 | 00461nam a2200181Ia 4500 | ||
|---|---|---|---|
| 003 | GCL | ||
| 008 | 140319s9999 xx 000 0 eng d | ||
| 040 |
_aGCL / _cGCL |
||
| 082 | 0 | 4 |
_a362.196 _bS F |
| 100 | 1 | _aST. JOHN AMBULANNE | |
| 245 | 1 | 0 |
_aFIRST AID MANUAL / _cST. JOHN AMBULANNE |
| 260 |
_a[S.N] : _bDORLING KINDERSLEY ، _c1992 |
||
| 300 | _a256 P | ||
| 650 | 0 | 4 | _aSOCIAL SERVICES |
| 650 | 0 | 4 | _aINJURIES |
| 650 | 0 | 4 | _aAIDS (DISEASE) |
| 942 |
_2ddc _cBK |
||
| 999 |
_c19203 _d19203 |
||